Telecommunications network design algorithms
Αποθηκεύτηκε σε:
| Κύριος συγγραφέας: | |
|---|---|
| Μορφή: | Βιβλίο |
| Γλώσσα: | English |
| Δημοσίευση: |
New York :
McGraw-Hill book company,
1993
|
| Σειρά: | McGraw-Hill computer science series
|
| Θέματα: | |
| Ετικέτες: |
Προσθήκη ετικέτας
Δεν υπάρχουν, Καταχωρήστε ετικέτα πρώτοι!
|
MARC
| LEADER | 00000nam a2200000 i 4500 | ||
|---|---|---|---|
| 001 | 1/38380 | ||
| 008 | 960116s1993 eng d | ||
| 020 | |a 0-07-034228-8 | ||
| 035 | |l 10024851 | ||
| 040 | |a GR-MY-UA |b gre |e aacr | ||
| 041 | 0 | |a eng | |
| 082 | 0 | |a 621.382 | |
| 100 | 1 | |a Kershenbaum, Aaron. | |
| 245 | 1 | 0 | |a Telecommunications network design algorithms / |c Aaron Kershenbaum |
| 260 | |a New York : |b McGraw-Hill book company, |c 1993 | ||
| 300 | |a 368 p. | ||
| 490 | 1 | |a McGraw-Hill computer science series | |
| 500 | |a Includes index | ||
| 650 | 0 | 0 | |a Telecommunication systems |x Design. |
| 650 | 0 | 0 | |a System analysis. |
| 852 | |a INST |b CHIOS |e 19960116 |h 621.382 KER |p 005200001608 |q 005200001608 |t BK |y 0 | ||
| 909 | |a Χ |b 040902 | ||